Příručka řidiče UAZ-469 /

Hlavní autor: Hejl, Zdeněk
Jazyk: Čeština
Vydáno: Praha : Naše vojsko, 1985
Vydání: 2., upr. vyd.
Fyzický popis: 82 s.
Knihy
Uloženo v:
LEADER 00655nam a22002292a 4500
001 000234907
003 CZ BrMZK
005 20201124104730.0
007 ta
008 950101s1985 xr f cze d
015 |a cnb000010385 
040 |a ABA013  |b cze 
080 |a 623.437.4(035) 
100 1 |a Hejl, Zdeněk  |7 xx0116679  |4 aut 
245 1 0 |a Příručka řidiče UAZ-469 /  |c Zdeněk Hejl ... [et al.] 
250 |a 2., upr. vyd. 
260 |a Praha :  |b Naše vojsko,  |c 1985 
300 |a 82 s. 
910 |a BOA001  |b 1-0892.179 
990 |a BK 
991 |b 2007 
996 6 |b 2619900642  |c 1-0892.179  |l MZK  |r Sklad / do 1 hodiny  |n 10  |w 000234907  |u 000010  |a 1  |e BOA001  |j MZK50  |s P